000 00678nam a2200217Ia 4500
003 GCL
008 140319s9999 xx 000 0 ara d
040 _aGCL /
_cGCL
082 0 4 _aق
_b327.962064
_bا ع
100 1 _aاحمد دياب
245 1 0 _aالعلاقات المصرية السودانية 1924-1919 /
_cاحمد دياب
260 _a[S.N] :
_bالهيئة المصرية العامة للكتاب ،
_c1985
300 _a207 ص
490 _aمصر النهضة
_v0
650 0 4 _aمصر
650 0 4 _aتاريخ
650 0 4 _aالاحوال السياسية
650 0 4 _aالسودان
650 0 4 _aالعلاقات الخارجية
942 _2ddc
_cBK
999 _c52471
_d52471